000 00546nmm a2200193Ia 4500
008 251105s9999||||xx |||||||||||||||||und||
020 _a9788496748835
041 _aspa
100 _aJungstedt, Mari
245 0 _aNadie lo ha visto :
_b (Gotland 1)
264 _a[Madrid, España] :
_bMaeva Ediciones,
_c2009
300 _a0 páginas
490 _aGotland
650 _aThriller & Suspense
700 _aJungstedt, Mari
700 1 _a Pecharromán Miguel, Gemma
856 _uhttps://public.digitaliapublishing.com/a/31638
942 _cCF
999 _c67354
_d67354